000
00316nam a2200145Ia 4500
100
_a
Suratkar & Thatte
650
_a
Chemistry
942
_c
BK
654
_a
Inorganic
245
_a
Progressive Inorganic Chemistry
260
_b
Ideal Book Services
_c
2001
082
_a
546
300
_a
1255
546
_a
ENGLISH
999
_c
30598
_d
30598